Filmographie de Christopher Nolan - Statistiques

Statistiques générales
  • Ce quiz a été pris 94 fois
    32 depuis la dernière actualisation
  • Le résultat moyen est 27 sur 54
Statistiques - réponses
Hint Réponse % Correct
Réalisateur Long-métrage 2008 The Dark Knight : Le Chevalier noir
100%
ScénaristeLong-métrage 2008 The Dark Knight : Le Chevalier noir
100%
ProducteurLong-métrage 2008 The Dark Knight : Le Chevalier noir
100%
Réalisateur Long-métrage 2010 Inception
97%
ScénaristeLong-métrage 2010 Inception
97%
ProducteurLong-métrage 2010 Inception
97%
Réalisateur Long-métrage 2012 The Dark Knight Rises
93%
ScénaristeLong-métrage 2012 The Dark Knight Rises
93%
ProducteurLong-métrage 2012 The Dark Knight Rises
93%
Réalisateur Long-métrage 2014 Interstellar
86%
ScénaristeLong-métrage 2014 Interstellar
86%
ProducteurLong-métrage 2014 Interstellar
86%
Réalisateur Long-métrage 2023 Oppenheimer
83%
ScénaristeLong-métrage 2023 Oppenheimer
83%
ProducteurLong-métrage 2023 Oppenheimer
83%
Réalisateur Long-métrage 2020 Tenet
83%
ScénaristeLong-métrage 2020 Tenet
83%
ProducteurLong-métrage 2020 Tenet
83%
Réalisateur Long-métrage 2017 Dunkerque
76%
ScénaristeLong-métrage 2017 Dunkerque
76%
ProducteurLong-métrage 2017 Dunkerque
76%
RéalisateurLong-métrage 2026 L'Odyssée
72%
ScénaristeLong-métrage 2026 L'Odyssée
72%
ProducteurLong-métrage 2026 L'Odyssée
72%
Réalisateur Long-métrage 2000 Memento
66%
ScénaristeLong-métrage 2000 Memento
66%
Réalisateur Long-métrage 2005 Batman Begins
59%
ScénaristeLong-métrage 2005 Batman Begins
59%
Réalisateur Long-métrage 2006 Le Prestige
59%
ProducteurLong-métrage 2006 Le Prestige
59%
Réalisateur Long-métrage 2002 Insomnia
28%
ScénaristeLong-métrage 2002 Insomnia
28%
ScénaristeLong-métrage 1998 Following, le suiveur
24%
ScénaristeLong-métrage 2006 Prestige
17%
ScénaristeLong-métrage 2013 Man of Steel
14%
ProducteurLong-métrage 2013 Man of Steel
14%
ProducteurLong-métrage 2016 Batman v Superman : L'Aube de la justice
10%
RéalisateurCourt-métrages 1997 Doodlebug
10%
ScénaristeCourt-métrages 1997 Doodlebug
10%
ProducteurCourt-métrages 1997 Doodlebug
10%
ProducteurLong-métrage 2017 Justice League
10%
RéalisateurCourt-métrages 1996 Larceny
10%
ScénaristeCourt-métrages 1996 Larceny
10%
ProducteurCourt-métrages 1996 Larceny
10%
RéalisateurCourt-métrages 2015 Quay
10%
ScénaristeCourt-métrages 2015 Quay
10%
ProducteurCourt-métrages 2015 Quay
10%
RéalisateurCourt-métrages 1989 Tarantella
10%
ScénaristeCourt-métrages 1989 Tarantella
10%
ProducteurCourt-métrages 1989 Tarantella
10%
ProducteurLong-métrage 2021 Zack Snyder's Justice League
10%
ProducteurCourt-métrages 2019 The Doll's Breath
7%
ProducteurLong-métrage 2014 Transcendance
3%
Réalisateur Long-métrage 1998 Following, le suiveur
0%
Aucun quiz correspondant
Distribution des résultats
% des personnes avec chaque résultat
Percentile par nombre de réponses
Votre historique - résultats
Vous n’avez pas pris ce quiz depuis la dernière actualisation